| 000 | 02397nam a22001577a 4500 | ||
|---|---|---|---|
| 041 | _aukr | ||
| 080 | _a09 | ||
| 090 | _bГТВ | ||
| 100 | _aГолубченко Т.В. | ||
| 245 | _aАнглійський неоромантизм на рубежі 19-20 століть (Роберт Льюїс Стівенсон "Викрадений або Пригоди Девіда Белфура", Оскар Уайльд "Портрет Доріана Грея") | ||
| 260 |
_aОстог _bКАФ _c2007 |
||
| 300 | _a57 | ||
| 520 |
_aВСТУП.
РОЗДІЛ 1. МОДЕРНІЗМ ФІЛОСОФСЬКО ЕСТЕТИЧНА Й ХУДОЖНЯ СИСТЕМА.
1.1. Характерні риси модернізму в Європі.
1.2. Неоромантизм комплекс течій в Європейській художній культурі.
РОЗДІЛ 2. РОМАН ОСКАРА УАЙЛЬДА "ПОРТРЕТ ДОРІАНА ГРЕЯ".
2.1. Розкриття поняття внутрішньої свободиособистості в романі Оскара Уайльда "Портрет Доріана Грея".
2.2.Інтерпритація християнських категорій любові і страху в романі Оскара Уайльда "Портрет Доріана Грея".
2.3. Взаємозв’язок надсвідомого та підсвідомого в образах художника та лорда Генрі в романі Оскара Уайльда "Портрет Доріана Грея".
2.4. Образи простих людей в романі Оскара Уайльда "Портрет Доріана Грея".
РОЗДІЛ 3. ДУАЛІЗМ ЛЮДСЬКОЇ ДУШІ В РОМАНІ СТІВЕНСОНА "ВИКРАДЕНИЙ АБО ПРИГОДИ ДЕВІДА БЕЛФУРА".
3.1. Проблема двоїстості людської індивідуальності як боротьба позитивного та негативного начала.
3.2. Пошук власного "я" у контексті морально етичного вибору особистості.
3.3. Паралелізм образів Девіда Белфура та Одісея.
ВИСНОВКИ. _0Англійський неоромантизм, Оскар Уайльд. |
||
| 650 | _aResearch Papers | ||
| 999 |
_c283997 _d283997 |
||
| 942 | _cBK | ||